000 00924nam a2200229Ia 4500
003 GCL
008 140319s9999 xx 000 0 ara d
040 _aGCL /
_cGCL
082 0 4 _a810.3
_bى م
100 1 _aياقوت الحموى: شهاب الدين ابوعبدالله ياقوت بن عبدالله الرومى البغدادى
245 1 0 _aمعجم الادباء: ارشاد الاديب الى معرفة الاديب /
_cياقوت الحموى: شهاب الدين ابوعبدالله ياقوت بن عبدالله الرومى البغدادى
260 _a[S.N] :
_bدار الغرب الاسلامى ،
_c1993
300 _aمتعدد
490 _a
650 0 4 _aالادب العربى
650 0 4 _aاللغة العربية
650 0 4 _aاعلام العرب
650 0 4 _aالادباء
650 0 4 _aالمعاجم
650 0 4 _aالحضارة الاسلامية
942 _2ddc
_cBK
999 _c36553
_d36553